[Event "Unterfranken-ch HA 44th"]
[Site "Rieneck"]
[Date "1993.??.??"]
[Round "2"]
[White "Muehleck, Roland"]
[Black "Patzer, Joachim"]
[Result "0-1"]
[WhiteElo "1663"]
[BlackElo "1847"]
[PlyCount "104"]
[EventDate "1993.04.12"]
[EventType "swiss"]
[EventRounds "9"]
[EventCountry "GER"]
[SourceTitle "EXT 2015"]
[Source "ChessBase"]
[SourceDate "2014.11.20"]
[SourceVersion "1"]
[SourceVersionDate "2014.11.20"]
[SourceQuality "1"]

1. e4 c5 2. Nf3 Nc6 3. d4 cxd4 4. Nxd4 Nf6 5. Nc3 d6 6. Bc4 g6 7. Nxc6 bxc6 8. e5 Nd7 9. exd6 exd6 10. 0-0 Ne5 11. Re1 Be7 12. Bb3 0-0 13. Bh6 Re8 14. f3 Ba6 15. f4 Nc4 16. Na4 Bf8 17. Bxf8 Rxe1+ 18. Qxe1 Qxf8 19. Qg3 Qg7 20. Bxc4 Bxc4 21. Qc3 Qxc3 22. Nxc3 Re8 23. Kf2 f5 24. Re1 Rxe1 25. Kxe1 Kf7 26. b3 Ba6 27. Ne2 Ke6 28. Kd2 Kd5 29. Ke3 Bxe2 30. Kxe2 Kd4 31. Kd2 Ke4 32. g3 Kf3 33. b4 Kg2 34. c4 Kxh2 35. b5 cxb5 36. cxb5 Kxg3 37. a4 h5 38. a5 h4 39. b6 axb6 40. axb6 h3 41. b7 h2 42. b8Q h1Q 43. Qxd6 Qg2+ 44. Kd3 Qe4+ 45. Kc3 Qe3+ 46. Kc2 Qxf4 47. Qxg6+ Qg4 48. Qd6+ f4 49. Kd2 Kg2 50. Qd5+ f3 51. Ke3 Kg3 52. Qe4 Qxe4+ 0-1

[Event "Unterfranken-ch HA 44th"]
[Site "Rieneck"]
[Date "1993.??.??"]
[Round "8"]
[White "Muehleck, Roland"]
[Black "Spatz, Wera"]
[Result "0-1"]
[WhiteElo "1663"]
[BlackElo "1689"]
[PlyCount "46"]
[EventDate "1993.04.12"]
[EventType "swiss"]
[EventRounds "9"]
[EventCountry "GER"]
[SourceTitle "EXT 2015"]
[Source "ChessBase"]
[SourceDate "2014.11.20"]
[SourceVersion "1"]
[SourceVersionDate "2014.11.20"]
[SourceQuality "1"]

1. e4 e5 2. Nf3 Nc6 3. Bb5 Bc5 4. 0-0 Nf6 5. Bxc6 dxc6 6. Nxe5 Nxe4 7. Qe1 Qd5 8. Nd3 0-0 9. Nxc5 Nxc5 10. Nc3 Qh5 11. f3 b6 12. Qg3 Ne6 13. Ne4 f5 14. Nc3 Nd4 15. Qxc7 Nxc2 16. Qxc6 Ba6 17. Rd1 Nxa1 18. Nd5 Kh8 19. d4 Rac8 20. Qa4 Qf7 21. Nc3 Qc4 22. Qd7 Rcd8 23. Qe7 Rfe8 0-1